[Event "Chigorin Mem"]
[Site "St Petersburg RUS"]
[Date "2005.10.19"]
[Round "5"]
[White "Ponfilenok,V"]
[Black "Smirnov,I UKR"]
[Result "1-0"]
[WhiteElo "2256"]
[BlackElo "2459"]

1.d4 Nf6 2.Nf3 e6 3.c4 b6 4.g3 Ba6 5.Nbd2 Bb4 6.Qc2 Bb7 7.Bg2 Be4 8.Qd1 O-O
9.O-O Bxd2 10.Qxd2 d6 11.b3 Nbd7 12.Bb2 Qe7 13.Qc3 c6 14.Bh3 Rac8 15.Nd2 Bg6
16.Rae1 d5 17.Bg2 Rfd8 18.e4 dxe4 19.Nxe4 Bxe4 20.Bxe4 Nxe4 21.Rxe4 Nf6 22.Re5 Nd7
23.Re4 Nf6 24.Re5 Nd7 25.Re3 Qf6 26.Rf3 Qg6 27.Re1 Nf6 28.Rf4 b5 29.Qf3 bxc4
30.bxc4 Rb8 31.Bc3 Ne8 32.Kg2 Rbc8 33.Re5 f5 34.Qe3 Nc7 35.Ba5 Qf7 36.Bxc7 Rxc7
37.Rxe6 Rf8 38.Qe5 g6 39.d5 cxd5 40.cxd5 Qg7 41.Qe3 Qc3 42.Qxc3 Rxc3 43.Re7 Rf7
44.Rxf7 Kxf7 45.Ra4 Rc7 46.Ra6 Rd7 47.h4 Rxd5 48.Rxa7+ Kf6 49.a4 Rd4 50.a5 Ra4
51.a6 h6 52.Ra8 Kg7 53.h5 g5 54.Ra7+ Kg8 55.Kf3 Ra5 56.Ke3 Re5+ 57.Kd4 Re6
58.Kd5 Rb6 59.f4 gxf4 60.gxf4 Rf6 61.Kc5 Re6 62.Kb5  1-0

[Event "Chigorin Mem"]
[Site "St Petersburg RUS"]
[Date "2005.10.21"]
[Round "7"]
[White "Tunik,G"]
[Black "Anisimov,P"]
[Result "1/2-1/2"]
[WhiteElo "2457"]
[BlackElo "2501"]

1.d4 Nf6 2.c4 e6 3.Nf3 b6 4.g3 Ba6 5.Qb3 Nc6 6.Nbd2 Na5 7.Qc3 c5 8.dxc5 bxc5
9.e4 Bb7 10.e5 Ne4 11.Nxe4 Bxe4 12.Bg2 Be7 13.O-O O-O 14.Re1 Bb7 15.Be3 Qc7
16.Rad1 Nc6 17.Bf4 Rfd8  1/2-1/2

[Event "SCG First League m"]
[Site "Vrnjacka Banja SCG"]
[Date "2005.10.21"]
[Round "5"]
[White "Tosic,M"]
[Black "Pikula,D"]
[Result "1/2-1/2"]
[WhiteElo "2429"]
[BlackElo "2499"]

1.d4 Nf6 2.c4 e6 3.Nf3 b6 4.g3 Ba6 5.b3 Bb7 6.Bg2 Bb4+ 7.Bd2 a5 8.O-O O-O
9.Qc2 d6 10.Rd1 Nbd7  1/2-1/2

[Event "TCh-BEL 2005-6"]
[Site "Belgium BEL"]
[Date "2005.10.23"]
[Round "2"]
[White "Koch,T1"]
[Black "Bakker,S"]
[Result "1-0"]
[WhiteElo "2417"]
[BlackElo "2305"]

1.d4 Nf6 2.c4 e6 3.Nf3 b6 4.g3 Ba6 5.b3 Bb4+ 6.Bd2 Be7 7.Bc3 Ne4 8.Bg2 d5
9.O-O c6 10.Bb2 Nd7 11.Nbd2 f5 12.Nxe4 fxe4 13.Ne1 O-O 14.Bh3 Rf6 15.Rc1 Rh6
16.Bg2 b5 17.cxd5 cxd5 18.Rc6 Bb7 19.Rc2 b4 20.Bc1 Rg6 21.Bh3 Bd6 22.Ng2 Qe7
23.Kh1 h6 24.Bf4 Rf6 25.Bxd6 Qxd6 26.Kg1 Nb6 27.Qd2 Raf8 28.Ne3 R6f7 29.Bg2 e5
30.f3 exd4 31.Qxd4 exf3 32.Rxf3 Qe7 33.Rd2 Rxf3 34.Bxf3 Qf7 35.Qxb4 d4 36.Rxd4 Bxf3
37.Rf4 Qe8 38.Qxf8+ Qxf8 39.Rxf8+ Kxf8 40.exf3  1-0

[Event "Chigorin Mem"]
[Site "St Petersburg RUS"]
[Date "2005.10.23"]
[Round "9"]
[White "Gromova,I"]
[Black "Malysheva,P"]
[Result "0-1"]
[WhiteElo "2137"]
[BlackElo "2295"]

1.d4 Nf6 2.c4 e6 3.Nf3 b6 4.g3 Ba6 5.b3 Bb4+ 6.Bd2 Be7 7.Bg2 d5 8.cxd5 exd5
9.O-O O-O 10.Nc3 Nbd7 11.Rc1 Rc8 12.Bg5 c6 13.Qc2 h6 14.Bf4 Re8 15.Qb2 Bb4
16.Ne5 Nxe5 17.Bxe5 Nd7 18.Bh3 Nxe5 19.Bxc8 Qxc8 20.Nxd5 Qh3 21.Nf4 Qf5 22.dxe5 Rxe5
23.Qc2 Qg4 24.h3 Qg5 25.Qxc6 Bd2 26.Qf3 Bxc1 27.Rxc1 Qe7 28.Nd5 Qd7 29.Nf4 Bb7
30.Qd3 Qe7 31.Qc4 Rc5 32.Ng6 Qf6  0-1

[Event "SCG First League m"]
[Site "Vrnjacka Banja SCG"]
[Date "2005.10.23"]
[Round "7"]
[White "Jeremic,V"]
[Black "Maksimovic,B"]
[Result "1/2-1/2"]
[WhiteElo "2525"]
[BlackElo "2395"]

1.d4 Nf6 2.c4 e6 3.Nf3 b6 4.g3 Ba6 5.b3 c6 6.Bg2 d5 7.Qc2 Nbd7 8.O-O Be7
9.Nbd2 O-O 10.e4 Rc8 11.Rd1 c5 12.e5 Ne8 13.cxd5 exd5 14.dxc5 Nxc5 15.Bf1 Ne4
16.Qb2 Nc3 17.Re1 Bxf1 18.Nxf1 b5 19.Be3 Qa5 20.a3 Ne4 21.Bd4 Nc7 22.Ne3 Rfd8
23.Nxd5 Rxd5 24.Rxe4 Ne6 25.a4 a6 26.Be3 Qd8 27.axb5 axb5 28.Qe2 Rd3 29.Bb6 Qd5
30.Re3 Rcc3 31.Rb1 Rxe3 32.Bxe3 Rxb3 33.Rd1 Qb7 34.Nd4 Nxd4 35.Bxd4 Qc6 36.Be3 b4
37.Qd2 h5 38.Qd7 Qe6 39.Qxe6 fxe6 40.Rd7 Kf8 41.Rb7 g5 42.h3 g4 43.hxg4 hxg4
44.Kf1 Rd3 45.Rb8+ Kf7 46.Rb7 Ke8 47.Rb6 Kd7 48.Rb7+ Kd8 49.Rb6 b3 50.Ke2 Rd5
51.Bf4 Ra5 52.Rxb3 Ra2+ 53.Kf1 Bc5 54.Be3 Bxe3 55.Rxe3 Ra4 56.Rb3 Re4 57.Re3 Ra4
58.Rd3+ Ke7 59.Ke2 Kf7 60.Ke3 Kg6 61.Rd4 Ra3+ 62.Kf4 Kh5 63.Rd6 Rf3+ 64.Ke4 Rxf2
65.Rxe6 Rf3 66.Re8 Rxg3 67.e6 Kg6 68.Rf8 Rg1 69.Kd5 Rd1+ 70.Kc6 Rc1+ 71.Kd7 Rd1+
72.Kc7 Rc1+ 73.Kd7 Rd1+ 74.Ke8 Kg5 75.e7 Re1 76.Kf7 g3 77.e8=Q Rxe8 78.Kxe8 Kg4
79.Ke7 g2 80.Ke6 Kg3 81.Rg8+ Kf2 82.Rf8+ Ke2 83.Rg8 Kf2 84.Rxg2+ Kxg2  1/2-1/2

[Event "II Open"]
[Site "Calvia ESP"]
[Date "2005.10.24"]
[Round "5"]
[White "Epishin,V"]
[Black "Carlsson,P"]
[Result "1/2-1/2"]
[WhiteElo "2574"]
[BlackElo "2435"]

1.d4 Nf6 2.c4 e6 3.Nf3 b6 4.g3 Ba6 5.b3 Bb4+ 6.Bd2 Be7 7.Bg2 c6 8.Bc3 d5
9.Ne5 Nfd7 10.Nxd7 Nxd7 11.Nd2 O-O 12.O-O Rc8 13.e4 c5 14.exd5 exd5 15.dxc5 dxc4
16.c6 cxb3 17.Nc4 Bb5 18.axb3 Bxc6 19.Bxc6 Rxc6 20.Rxa7 Rc7 21.Rxc7 Qxc7
22.Qg4 Bf6 23.Rd1 Rd8 24.Bd4 b5 25.Ne3 Ne5 26.Bxe5 Rxd1+ 27.Qxd1 Qxe5 28.Qf3 Qc5
29.Kg2  1/2-1/2

[Event "Femida w"]
[Site "Kharkiv UKR"]
[Date "2005.10.24"]
[Round "9"]
[White "Kostiuk,T"]
[Black "Karlovich,A"]
[Result "1/2-1/2"]
[WhiteElo "2269"]
[BlackElo "2277"]

1.d4 Nf6 2.Nf3 e6 3.c4 b6 4.g3 Ba6 5.Nbd2 Bb4 6.Qc2 Bb7 7.Bg2 Be4 8.Qb3 Nc6
9.O-O Bxd2 10.Bxd2 O-O 11.Rfd1 Qe7 12.Bg5 d6 13.Qe3 d5 14.Ne5 Bxg2 15.Kxg2 Nb4
16.Qf3 h6 17.Bxf6 gxf6 18.Qg4+ Kh7 19.Qh4 Rg8 20.a3 Na6 21.Rac1 Rae8 22.Nc6 Qd7
23.cxd5 exd5 24.e3 Re6 25.Qh3 Rg5 26.b4 Nc5 27.Nb8 Qc8 28.dxc5 Qxb8 29.f4 Rg8
30.Qf5+ Kg7 31.Rxd5 Rxe3 32.cxb6 Qxb6  1/2-1/2

[Event "zt 3.3"]
[Site "Beijing CHN"]
[Date "2005.10.25"]
[Round "9"]
[White "Wang Rui"]
[Black "Yu Shaoteng"]
[Result "1/2-1/2"]
[WhiteElo "2474"]
[BlackElo "2516"]

1.d4 e6 2.Nf3 Nf6 3.c4 b6 4.g3 Ba6 5.Qb3 Nc6 6.Nbd2 Bb7 7.e4 d5 8.cxd5 exd5
9.e5 Ne4 10.Bd3 Bb4 11.Qc2 O-O 12.O-O Bxd2 13.Bxd2 f5 14.Rac1 Nxd2 15.Qxd2 Qe7
16.Qc2 Nb4 17.Qxc7 Qxc7 18.Rxc7 Nxd3 19.Rxb7 Rf7 20.Rxf7 Kxf7 21.Ng5+ Kg6
22.Ne6 Rc8 23.Rd1 Nxb2 24.Nf4+ Kf7 25.Re1 Nc4 26.Nxd5 Rd8 27.e6+ Ke8 28.Nc7+ Ke7
29.d5 Nd2 30.Rd1 Ne4 31.Kg2 Nf6 32.Kf3 Kd6 33.Rc1 Ke7 34.Rd1 Kd6 35.Nb5+ Ke7
36.Nxa7 Rxd5 37.Nc8+ Kxe6 38.Re1+ Ne4 39.Nxb6 Rd3+ 40.Kg2 Rd2 41.Kg1 Kf6
42.a4 Ra2 43.Nd7+ Kf7 44.Ne5+ Kf6 45.Nd7+ Kf7 46.Ne5+  1/2-1/2

[Event "SCG First League m"]
[Site "Vrnjacka Banja SCG"]
[Date "2005.10.25"]
[Round "9"]
[White "Kosic,D"]
[Black "Pikula,D"]
[Result "1/2-1/2"]
[WhiteElo "2489"]
[BlackElo "2499"]

1.d4 Nf6 2.Nf3 e6 3.c4 b6 4.g3 Ba6 5.Qa4 c5 6.Bg2 Bb7 7.dxc5 bxc5 8.Nc3 Be7
9.O-O O-O 10.Rd1 Qb6 11.Bf4 d6 12.Rd2 h6 13.Ne1 Bxg2 14.Nxg2 a6 15.Rad1 Rd8
16.a3 Ra7 17.b4 Rad7 18.Rb1 cxb4 19.Rxb4 Qc7 20.Rdb2 Rc8 21.Rb6 Bf8 22.Ne1 Rdd8
23.Nd3 Nfd7 24.R6b4 Nc5 25.Nxc5 Qxc5 26.Ne4 Qc6 27.Qxc6 Nxc6 28.Rb6 d5 29.cxd5 exd5  1/2-1/2

[Event "2nd Rapid"]
[Site "D'Ajaccio FRA"]
[Date "2005.10.27"]
[Round "8"]
[White "Graf,A"]
[Black "Izoria,Z"]
[Result "0-1"]
[WhiteElo "2613"]
[BlackElo "2646"]

1.d4 Nf6 2.c4 e6 3.Nf3 b6 4.g3 Ba6 5.b3 d5 6.cxd5 exd5 7.Bg2 Bb4+ 8.Bd2 Bd6
9.O-O O-O 10.Nc3 Nbd7 11.Bf4 Bxf4 12.gxf4 Qe7 13.Ne5 Bb7 14.e3 Rad8 15.Rc1 c5
16.Ne2 Ne4 17.Ng3 Ndf6 18.dxc5 bxc5 19.Qc2 Rc8 20.Rfd1 Nxg3 21.hxg3 h5 22.Qd2 Qd6
23.e4 d4 24.Nc4 Qd7 25.Re1 Rcd8  0-1

[Event "SCG First League m"]
[Site "Vrnjacka Banja SCG"]
[Date "2005.10.27"]
[Round "11"]
[White "Martinovic,Sl"]
[Black "Pikula,D"]
[Result "1-0"]
[WhiteElo "2448"]
[BlackElo "2499"]

1.d4 Nf6 2.Nf3 e6 3.c4 b6 4.g3 Ba6 5.b3 Bb4+ 6.Bd2 Be7 7.Nc3 d5 8.cxd5 exd5
9.Bg2 O-O 10.O-O Bb7 11.Rc1 Nbd7 12.Bf4 a6 13.Ne5 Rc8 14.Bh3 b5 15.Bg5 Rb8
16.e3 Nxe5 17.dxe5 Ne8 18.Bxe7 Qxe7 19.Qd4 Rd8 20.Ne2 f6 21.Qa7 Ba8 22.e6 Qd6
23.Nd4 g6 24.Rc2 f5 25.Rfc1 Rc8 26.Bg2 Kh8 27.Qc5 Qxc5 28.Rxc5 Kg7 29.Bxd5 Kf6
30.Bxa8 Rxa8 31.Rd5 Rg8 32.Rd7 Rg7 33.Rc6 Re7 34.h3 h5 35.Kg2 h4 36.f4 a5
37.g4 fxg4 38.hxg4 Rxd7 39.exd7+ Nd6 40.Rxc7 Nf7 41.g5+ Ke7 42.d8=Q+  1-0

[Event "British Rapidplay"]
[Site "Halifax ENG"]
[Date "2005.11.12"]
[Round "3"]
[White "Akbarinia,S"]
[Black "Hunt,H"]
[Result "1-0"]
[WhiteElo "2330"]
[BlackElo "2422"]

1.d4 Nf6 2.Nf3 e6 3.c4 b6 4.g3 Ba6 5.b3 b5 6.c5 Bb7 7.Bg2 Be7 8.O-O O-O 9.Qd3 b4
10.Nbd2 d5 11.Re1 a5 12.Ne5 Nfd7 13.f4 f5 14.Ndf3 Nxe5 15.Nxe5 Qe8 16.a3 Na6
17.Bd2 c6 18.Kh1 h6 19.axb4 axb4 20.Ra4 Nc7 21.Rea1 Rxa4 22.Rxa4 Kh7 23.Bxb4 Qc8
24.Qb1 g5 25.Bd2 g4 26.Nxg4 Ba6 27.e3 Qb7 28.Ne5 h5 29.Qd1 Kh6 30.Bf3 h4
31.gxh4 Bxh4 32.Qg1 Rf6 33.Qg8 Qc8 34.Qxc8 Bxc8 35.Ra7 Nb5 36.Ra8 Rf8 37.Nxc6 Rg8
38.Ne5 Bf2 39.Nf7+ Kg6 40.Ng5 Bh4 41.Rb8 Nc7 42.Ba5 Na6 43.Ra8 Bxg5 44.fxg5 Kxg5
45.Be2 Nxc5 46.dxc5 d4 47.Ba6  1-0

[Event "TCh-FIN 2005-6"]
[Site "Vantaa FIN"]
[Date "2005.11.12"]
[Round "5"]
[White "Salo,H"]
[Black "Hentunen,A"]
[Result "0-1"]
[WhiteElo "2294"]
[BlackElo "2341"]

1.d4 Nf6 2.c4 e6 3.Nf3 b6 4.g3 Ba6 5.b3 c6 6.Bg2 d5 7.O-O Bd6 8.Nbd2 b5 9.Qc2 bxc4
10.bxc4 O-O 11.Ne5 Bxe5 12.dxe5 Ng4 13.Ba3 Re8 14.Bd6 Nd7 15.cxd5 exd5 16.Qxc6 Nb6
17.Rfc1 Nxe5 18.Bxe5 Rxe5 19.Qc3 Re7 20.e3 Be2 21.Nb3 Rc8 22.Qd2 Bc4 23.Nd4 Na4
24.Nf5 Re6 25.Qd4 Qg5 26.Bxd5 Qxf5 27.Rxc4 Rxc4 28.Qxc4 Re7 29.e4 Qe5 30.Rc1 Nb6
31.Qc6 g6 32.Qc5 Kg7 33.Qc3 Kf6 34.Qxe5+ Kxe5 35.f4+ Kd4 36.Rd1+ Ke3 37.Kf1 Rc7
38.Re1+ Kd2 39.Re2+ Kd3  0-1

[Event "British Rapidplay"]
[Site "Halifax ENG"]
[Date "2005.11.13"]
[Round "10"]
[White "Sherwin,J"]
[Black "Hunt,H"]
[Result "1/2-1/2"]
[WhiteElo "2274"]
[BlackElo "2422"]

1.Nf3 Nf6 2.d4 e6 3.c4 b6 4.g3 Ba6 5.b3 b5 6.Bg2 bxc4 7.Ne5 d5 8.bxc4 Bb4+
9.Bd2 Bxd2+ 10.Nxd2 O-O 11.Qa4 Qc8 12.O-O Nbd7 13.Rfc1 Nxe5 14.dxe5 Nd7 15.cxd5 exd5
16.Bh3 Rd8 17.e6 fxe6 18.Bxe6+ Kh8 19.Nf3 Bxe2 20.Ne5 Nxe5 21.Bxc8 Raxc8
22.f4 Nd3 23.Rc2 Bf3 24.Qxa7 c5 25.Rf1 Be4 26.f5 Nf4 27.Rxf4 Bxc2 28.f6 gxf6
29.Qe7 Bg6 30.Qxf6+ Kg8 31.h4 d4 32.g4 d3 33.Qe6+ Kh8 34.Qe5+ Kg8 35.Rf2 Rb8
36.h5 d2 37.Qe6+ Kh8 38.Qe5+ Kg8 39.Qe6+ Kh8  1/2-1/2

[Event "FSGM November"]
[Site "Budapest HUN"]
[Date "2005.11.14"]
[Round "10"]
[White "Seres,L"]
[Black "Szabo,Kr1"]
[Result "1/2-1/2"]
[WhiteElo "2396"]
[BlackElo "2390"]

1.d4 Nf6 2.c4 e6 3.Nf3 b6 4.g3 Ba6 5.b3 Bb4+ 6.Bd2 Be7 7.Bg2 c6 8.Bc3 d5
9.Ne5 Nfd7 10.Nxd7 Nxd7 11.Nd2 O-O 12.O-O Nf6 13.e4 b5 14.exd5 exd5 15.Re1 Re8
16.Qc2 Bf8 17.c5 g6 18.Nf3 Bc8 19.Ne5 Bf5 20.Qc1 Qc8 21.a4 a6 22.Qf4 Bg7
23.axb5  1/2-1/2

[Event "18th Belgrade Trophy"]
[Site "Obrenovac SCG"]
[Date "2005.11.23"]
[Round "2"]
[White "Stanojevic,B"]
[Black "Marinkov,S"]
[Result "1-0"]
[WhiteElo "2303"]
[BlackElo "2046"]

1.d4 Nf6 2.c4 e6 3.Nf3 b6 4.g3 Ba6 5.Qa4 Qc8 6.Nc3 Be7 7.Bg2 c6 8.Ne5 Bb7
9.O-O O-O 10.e4 d6 11.Nd3 Rd8 12.Rd1 Ne8 13.Be3 c5 14.d5 e5 15.f4 f6 16.Nf2 Ba6
17.Bh3 Qb7 18.a3 Bf8 19.b4 Qe7 20.Be6+ Kh8 21.bxc5 dxc5 22.fxe5 fxe5 23.Ng4 Bc8
24.Rf1 Nd7 25.Rf7 Qd6 26.Nb5  1-0

[Event "18th Belgrade Trophy"]
[Site "Obrenovac SCG"]
[Date "2005.11.23"]
[Round "2"]
[White "Pantovic,D"]
[Black "Roeder,M"]
[Result "0-1"]
[WhiteElo "2118"]
[BlackElo "2415"]

1.d4 Nf6 2.c4 e6 3.Nf3 b6 4.g3 Ba6 5.Nbd2 Bb4 6.Qb3 c5 7.Bg2 Nc6 8.dxc5 bxc5
9.O-O Rb8 10.Qa4 Qa5 11.Qc2 Qb6 12.Ne4 Nxe4 13.Qxe4 f5 14.Qc2 O-O 15.e4 d5
16.exd5 exd5 17.b3 d4 18.Ng5 Bc3 19.Rb1 Nb4 20.Qd1 Bb7 21.Bxb7 Rxb7 22.a3 Na6
23.Bd2 Bxd2 24.Qxd2 h6 25.Nh3 Re7 26.Nf4 Nc7 27.b4 Rfe8 28.Rfe1 Qc6 29.Rxe7 Rxe7
30.bxc5 g5 31.Nd3 Qf3 32.Re1 Re4 33.Ne5 Qc3 34.Qxc3 dxc3 35.Nd3 Rxc4 36.Re7 c2
37.Rxc7 Rd4 38.Rc8+ Kf7 39.Rc7+ Ke8  0-1

[Event "18th Belgrade Trophy"]
[Site "Obrenovac SCG"]
[Date "2005.11.23"]
[Round "2"]
[White "Abramovic,B"]
[Black "Stavrianakis,I"]
[Result "1-0"]
[WhiteElo "2482"]
[BlackElo "2114"]

1.d4 Nf6 2.c4 e6 3.Nf3 b6 4.g3 Ba6 5.b3 Bb4+ 6.Bd2 Be7 7.Bc3 d5 8.Nbd2 O-O
9.Bg2 c6 10.Qc2 Nbd7 11.e4 dxe4 12.Nxe4 Nxe4 13.Qxe4 Rc8 14.Rd1 Nf6 15.Qe2 Bb7
16.O-O Qc7 17.Rfe1 Rfe8 18.Ne5 c5 19.d5 exd5 20.cxd5 Bd6 21.Qb2 b5 22.Nc6 Bxc6
23.dxc6 Rxe1+ 24.Rxe1 Re8 25.Rxe8+ Nxe8 26.Qe2 Qb8 27.Qg4 Kf8 28.Bd5 Be7
29.Qh5 g6 30.Qxh7  1-0

[Event "18th Belgrade Trophy"]
[Site "Obrenovac SCG"]
[Date "2005.11.27"]
[Round "6"]
[White "Lajthajm,B"]
[Black "Chelushkina,I"]
[Result "1/2-1/2"]
[WhiteElo "2464"]
[BlackElo "2315"]

1.d4 Nf6 2.c4 e6 3.Nf3 b6 4.g3 Ba6 5.Qa4 c6 6.Bf4 b5 7.cxb5 cxb5 8.Qd1 Bb4+
9.Nbd2 Nd5 10.Bg2 Nc6 11.O-O O-O 12.Nb3 Nxf4 13.gxf4 Rb8 14.Rc1 Ne7 15.Ne5 Bb7
16.Bxb7 Rxb7 17.Nd3 Bd6 18.e4 Bb8 19.Kh1 Rc7 20.Qf3 Rxc1 21.Rxc1 Bc7 22.f5 d5
23.fxe6 fxe6 24.Qg4 Rf6 25.e5 Rg6 26.Qf3 Bb6 27.Nf4 Qf8 28.Rc3 Rh6 29.Qg4 Nf5
30.Rh3 Rxh3 31.Qxh3 Qc8 32.Qg4 a6 33.h4 Bxd4 34.Ng6 hxg6 35.Nxd4 Nxd4 36.Qxd4  1/2-1/2

[Event "18th Belgrade Trophy"]
[Site "Obrenovac SCG"]
[Date "2005.11.28"]
[Round "7"]
[White "Martinovic,Sl"]
[Black "Karkanaqe,I"]
[Result "1-0"]
[WhiteElo "2448"]
[BlackElo "2385"]

1.d4 Nf6 2.Nf3 e6 3.c4 b6 4.g3 Ba6 5.b3 Bb4+ 6.Bd2 Be7 7.Nc3 c6 8.e4 d5 9.Qc2 dxe4
10.Nxe4 Nbd7 11.Bg2 O-O 12.Ne5 Nxe5 13.dxe5 Nxe4 14.Bxe4 Qd4 15.O-O Qxe5
16.Bxh7+ Kh8 17.Be4 Rac8 18.Bc3 Qh5 19.Rad1 Rc7 20.Rfe1 Bc8 21.Rd3 Bf6 22.Bxf6 gxf6
23.Bf3 Qg5 24.Re4 e5 25.Rh4+ Kg7 26.Rd6 Bf5 27.Be4 Bg6 28.Bxg6 fxg6 29.c5 bxc5
30.Qxc5 Qf5 31.Ra4 Rff7 32.Kg2 g5 33.h3 Qc8 34.Rc4 Qa6 35.Rc2 Qc8 36.Rxc6 Rxc6
37.Qxc6 Qf5 38.Rc4 Qb1 39.Ra4 Qd3 40.h4 Qf5 41.Rc4 gxh4 42.Rxh4 Qd7 43.Qe4 Kf8
44.Rh8+ Ke7 45.Rb8 Kd6 46.Kg1 f5 47.Qb4+ Ke6 48.Qc4+ Kf6 49.Rd8 Qe7 50.Qd5 f4
51.Rd6+ Kf5 52.Qd3+ e4 53.Qd5+  1-0

[Event "18th Belgrade Trophy"]
[Site "Obrenovac SCG"]
[Date "2005.11.28"]
[Round "7"]
[White "Rajkovic,Du"]
[Black "Petrik,T"]
[Result "1/2-1/2"]
[WhiteElo "2484"]
[BlackElo "2473"]

1.d4 Nf6 2.c4 e6 3.Nf3 b6 4.g3 Ba6 5.Nbd2 Bb7 6.Bg2 c5 7.e4 cxd4 8.e5 Ne4
9.Nxe4 Bxe4 10.O-O Nc6 11.Re1 Bxf3 12.Qxf3 Rc8 13.Bf4 Qc7 14.Rad1 d6 15.exd6 Bxd6
16.Qxc6+ Qxc6 17.Bxc6+ Rxc6 18.Rxd4 Bxf4 19.Rxf4 Ke7 20.Rd1 e5 21.Re4 Re6
22.Rd5 f6 23.c5 Rc8 24.Rg4 g6 25.Ra4 Rc7 26.cxb6 Rxb6 27.b3 a6 28.Kg2 Rc2
29.g4 Rbc6 30.Rd3 h5 31.gxh5 gxh5 32.Rh3 Rd2 33.Rxh5 Rcc2 34.Rf5 Rxa2 35.Rxa2 Rxa2
36.h4 Kf7 37.h5 Kg7 38.h6+ Kxh6 39.Rxf6+ Kg5  1/2-1/2

[Event "18th Belgrade Trophy"]
[Site "Obrenovac SCG"]
[Date "2005.11.29"]
[Round "8"]
[White "Mirkovic,P"]
[Black "Marinkov,S"]
[Result "0-1"]
[WhiteElo "2147"]
[BlackElo "2046"]

1.d4 Nf6 2.c4 e6 3.Nf3 b6 4.g3 Ba6 5.b3 Bb4+ 6.Bd2 Be7 7.Nc3 d5 8.Bg2 c6
9.O-O O-O 10.Re1 dxc4 11.e4 cxb3 12.axb3 Bb7 13.Qe2 a5 14.Bg5 h6 15.Bf4 Bb4
16.Qc2 Na6 17.Rad1 Rc8 18.Bh3 Qe7 19.g4 Nh7 20.Qc1 g5 21.Bg3 f6 22.Bg2 Rfd8
23.Re3 b5 24.Qa1 Qg7 25.e5 f5 26.gxf5 exf5 27.Nh4 f4 28.Red3 fxg3 29.Rxg3 Nc7
30.Nf5 Qf8 31.Nd6 Bxd6 32.exd6 Rxd6 33.Ne4 Rg6 34.Nc5 Ba8 35.Nd7 Qg7 36.Ne5 Rd6
37.h4 Ne6 38.hxg5 hxg5 39.Nf3 c5 40.Qc1 Nxd4 41.Nxd4 Rxd4 42.Rxd4 Qxd4 43.Qc2 Bxg2
44.Qg6+ Kh8 45.Kxg2 Rf8 46.f3 Qb2+ 47.Kh3 Qxb3 48.Qd6 Qc3 49.f4 g4+  0-1

[Event "TCh-CZE Extraliga 2005-6"]
[Site "Czech Rep CZE"]
[Date "2005.12.04"]
[Round "6"]
[White "Pesout,J"]
[Black "Jedynak,R"]
[Result "0-1"]
[WhiteElo "2253"]
[BlackElo "2431"]

1.d4 e6 2.c4 Nf6 3.Nf3 b6 4.g3 Ba6 5.Qc2 Bb7 6.Bg2 Bb4+ 7.Bd2 Bxd2+ 8.Nbxd2 c5
9.e4 cxd4 10.Nxd4 Nc6 11.Nxc6 Bxc6 12.O-O d6 13.Rfd1 Qc7 14.Nf1 O-O 15.Ne3 Rfd8
16.Rd4 e5 17.Rd2 Bd7 18.Nd5 Nxd5 19.cxd5 Rdc8 20.Rc1 Qc5 21.Qxc5 bxc5 22.Bf1 Rcb8
23.Bc4 Rb4 24.f3 Rab8 25.Rcc2 f5 26.Kf2 fxe4 27.fxe4 Bb5 28.Bxb5 R8xb5 29.Ke3 Kf7
30.Re2 Ke7 31.Rf2 Rd4 32.Rcd2 a5 33.Rxd4 exd4+ 34.Kd3 Rb8 35.Re2 Rf8 36.Kc4 Rf1
37.Kb5 Rc1 38.b3 d3 39.Rd2 Rc3 40.Kc6 c4 41.bxc4 Rxc4+ 42.Kb5 Rd4 43.Kc6 a4
44.a3 g6 45.h3 h6 46.g4 g5 47.Kc7 Rc4+ 48.Kb6 Rc3 49.Kb5 Rxa3 50.Kb4 Ra1
51.Rxd3 Kf6 52.Rd2 Ke5 53.Re2 Rh1 54.Kxa4 Rxh3 55.Kb5 Rc3 56.Re1 Rc2 57.Re3 Kf4
58.Rh3 Kxe4 59.Rxh6 Rc5+ 60.Kb4 Rxd5 61.Rf6 Ke5  0-1

[Event "5th Amplico AIG Life"]
[Site "Warsaw POL"]
[Date "2005.12.17"]
[Round "8"]
[White "Kuraszkiewicz,M"]
[Black "Jedynak,R"]
[Result "0-1"]
[WhiteElo "2317"]
[BlackElo "2431"]

1.d4 Nf6 2.c4 e6 3.Nf3 b6 4.g3 Ba6 5.Qb3 Nc6 6.Nbd2 Bb7 7.Bg2 Nxd4 8.Qd3 Nxf3+
9.Nxf3 Bb4+ 10.Bd2 Bxd2+ 11.Qxd2 O-O 12.O-O d6 13.Rfd1 a5 14.a3 a4 15.Nd4 Bxg2
16.Kxg2 Ne4 17.Qe3 Nc5 18.Kg1 h6 19.Nb5 Qd7 20.Rab1 f5 21.Qf3 Rae8 22.Qc3 f4
23.Rf1 Re7 24.Rbd1 Ref7 25.Qc2 e5 26.Nc3 Qh3 27.Nd5 c6  0-1

[Event "5th Amplico AIG Life"]
[Site "Warsaw POL"]
[Date "2005.12.18"]
[Round "9"]
[White "Marszalek,Mac"]
[Black "Sulskis,S"]
[Result "1/2-1/2"]
[WhiteElo "2415"]
[BlackElo "2504"]

1.d4 Nf6 2.c4 e6 3.Nf3 b6 4.g3 Ba6 5.b3 Bb4+ 6.Bd2 Be7 7.Bg2 c6 8.O-O d5
9.Ne5 Nfd7 10.Nxd7 Nxd7 11.Bc3 b5 12.Nd2 O-O 13.e4 bxc4 14.bxc4 Nb6 15.Ba5 dxc4
16.Nf3 c5 17.d5 exd5 18.exd5 Bf6 19.Rb1 c3 20.Re1 Qxd5 21.Qxd5 Nxd5 22.Ne5 Nb4
23.Bxb4 cxb4 24.Bxa8 Rxa8 25.Rxb4 c2 26.f4 Be2 27.Rc1 Bd1 28.Rc4 h5 29.R1xc2 Bxc2
30.Rxc2 Bxe5 31.fxe5 Rb8 32.Kf2 Rb5 33.Rc8+ Kh7 34.Rc7 Rxe5 35.Rxa7 Kg6 36.a4 Rc5
37.h3 Rc3 38.Kg2 Ra3 39.Ra5 f6 40.h4 Kf7 41.Rxh5 Rxa4  1/2-1/2

[Event "5th Amplico AIG Life"]
[Site "Warsaw POL"]
[Date "2005.12.18"]
[Round "11"]
[White "Leniart,A"]
[Black "Sulskis,S"]
[Result "0-1"]
[WhiteElo "2303"]
[BlackElo "2504"]

1.d4 Nf6 2.c4 e6 3.Nf3 b6 4.g3 Ba6 5.b3 Bb4+ 6.Bd2 Be7 7.Bg2 c6 8.Nc3 d5
9.cxd5 cxd5 10.Ne5 O-O 11.O-O Nfd7 12.Nxd7 Qxd7 13.Re1 Nc6 14.e4 dxe4 15.Bxe4 Rad8
16.d5 Nb4 17.Bf4 Bf6 18.Rc1 exd5 19.Bb1 Qh3 20.a3 Bxc3 21.Rxc3 d4 22.Rf3 Nd5
23.Bg5 Rde8 24.Rxe8 Rxe8 25.Bf5 Qh5 26.h4 Nc3 27.g4 Qxg5 28.Rxc3 Qxh4 29.Rc1 g6
30.Bd7 Rd8 31.Rc7 Qe7 32.Qxd4 Bb5 33.Bxb5 Qe1+  0-1

[Event "Sekkat mem"]
[Site "Casablanca MAR"]
[Date "2005.12.19"]
[Round "2"]
[White "Bouaziz,S"]
[Black "Genov,Peta"]
[Result "1/2-1/2"]
[WhiteElo "2334"]
[BlackElo "2464"]

1.d4 Nf6 2.c4 e6 3.Nf3 b6 4.g3 Ba6 5.Qa4 Bb7 6.Bg2 c5 7.O-O cxd4 8.Nxd4 Bxg2
9.Kxg2 Qc7 10.Nc3 Be7 11.Bg5 O-O 12.Rfd1 Rc8 13.Bxf6 Bxf6 14.Ne4 Be7 15.Rac1 a6  1/2-1/2

[Event "14th Donau Open"]
[Site "Aschach AUT"]
[Date "2005.12.27"]
[Round "3"]
[White "Sebenik,M"]
[Black "Schneider Zinner,H"]
[Result "1/2-1/2"]
[WhiteElo "2407"]
[BlackElo "2365"]

1.Nf3 Nf6 2.c4 e6 3.d4 b6 4.g3 Ba6 5.Qb3 Bb7 6.Bg2 c5 7.d5 exd5 8.Nh4 g6
9.cxd5 Bg7 10.Qe3+ Kf8 11.Nc3 d6 12.f4 Na6 13.Qd2 Nc7 14.O-O b5 15.e4 b4
16.Nd1 Nd7 17.Qc2 Nb5 18.Nf3 Qc7 19.Be3 Re8 20.Rc1 Nf6 21.Qa4 Qb6 22.Nd2 Qa6
23.Qxa6 Bxa6 24.Kh1 Ng4 25.Bg1 Nd4 26.Re1 Ne2 27.Bf1 Nxc1 28.Bxa6 Bd4 29.h3 Nf6
30.Bc4 Nh5 31.Bxd4 cxd4 32.Nf2 Rc8 33.Kg2 Nxa2 34.Bxa2 Rc2 35.Re2 Rxb2 36.Bb3 a5
37.Nd3 Rxb3 38.Nxb3 a4 39.Nxd4 b3 40.Re1 Kg7 41.Ra1 Rc8 42.Rxa4 Rc3 43.Nb2 Rxg3+
44.Kf2 Rxh3 45.Ne2 Rh2+ 46.Ke3 Nf6 47.Nd3 h5 48.Rb4 Ng4+ 49.Kd2 Nf6 50.Rd4 h4
51.e5 Ng4 52.exd6 h3 53.Re4 Nf2 54.Rb4 Nxd3 55.Kxd3 Rxe2 56.Kxe2 h2 57.d7 h1=Q
58.d8=Q Qg2+ 59.Kd3 Qc2+ 60.Kd4  1/2-1/2

[Event "14th Donau Open"]
[Site "Aschach AUT"]
[Date "2005.12.28"]
[Round "4"]
[White "Lautner,J"]
[Black "Balinov,I"]
[Result "0-1"]
[WhiteElo "2245"]
[BlackElo "2431"]

1.d4 Nf6 2.c4 e6 3.Nf3 b6 4.g3 Ba6 5.Qa4 Bb7 6.Bg2 c5 7.O-O Be7 8.Bf4 O-O
9.Nc3 d6 10.Rfd1 cxd4 11.Rxd4 Nc6 12.Rd2 Qb8 13.Rad1 Rd8 14.Ng5 Ne5 15.Bxe5 Bxg2
16.Bxf6 Bxf6 17.Nxe6 fxe6 18.Kxg2 Bxc3 19.bxc3 Qc7 20.Qb4 a5 21.Qb5 Rac8
22.Rd4 h6 23.f3 Rd7 24.Rb1 Kf7 25.Qxb6 Qxb6 26.Rxb6 Ke7 27.f4 Rc5 28.Kf2 h5
29.Ke1 g6 30.Kd2 Rd8 31.h3 Rd7 32.Kc2 Rd8 33.Kb3 Rd7 34.Rb5 Rdc7 35.Rxc5 Rxc5
36.e4 g5 37.f5 exf5 38.exf5 Rxf5 39.Rd5 Ke6 40.Rxf5 Kxf5 41.Ka4 g4 42.h4 Ke4
43.Kb5 Kf3 44.Kc6 Kxg3 45.Kxd6 Kxh4 46.c5 g3 47.c6 g2 48.c7 g1=Q 49.c8=Q Qg3+
50.Kd5 Qg5+ 51.Kc6 Kg3 52.Qb8+ Qf4 53.Qg8+ Kf2 54.Qg6 h4 55.Qc2+ Ke1 56.c4 Qf6+
57.Kb7 Qe7+ 58.Ka8 Qd8+ 59.Kb7 Qe7+ 60.Ka8 Qf8+ 61.Kb7 Qg7+ 62.Kb6 Qh6+ 63.Kxa5 h3
64.Qe4+ Kf2 65.Qf5+ Ke3 66.Qe5+ Kd3 67.Qd5+ Kc3 68.c5 h2 69.Qh1 Kc4 70.c6 Kc5
71.a4 Qd2+ 72.Ka6 Qb2 73.a5 Qb5+ 74.Ka7 Qxa5+  0-1

[Event "14th Donau Open"]
[Site "Aschach AUT"]
[Date "2005.12.30"]
[Round "6"]
[White "Galavics,H"]
[Black "Priborsky,I"]
[Result "1/2-1/2"]
[WhiteElo "2099"]
[BlackElo "2288"]

1.d4 Nf6 2.c4 e6 3.Nf3 b6 4.g3 Ba6 5.b3 b5 6.cxb5 Bxb5 7.Bg2 d5 8.O-O Nbd7
9.Ba3 Bd6 10.Bxd6 cxd6 11.Nc3 Ba6 12.Re1 O-O 13.Qd2 Rc8 14.Rac1 Qb6 15.Na4 Qb8
16.Qb2 h6 17.e3 Bb5 18.Nc3 Bd3 19.Bf1 Bxf1 20.Rxf1  1/2-1/2

[Event "14th Bieze"]
[Site "Arnhem NED"]
[Date "2006.01.07"]
[Round "7"]
[White "Fridman,D2"]
[Black "Kabatianski,A"]
[Result "1-0"]
[WhiteElo "2564"]
[BlackElo "2436"]

1.d4 Nf6 2.c4 e6 3.Nf3 b6 4.g3 Ba6 5.b3 Bb4+ 6.Bd2 Be7 7.Nc3 O-O 8.e4 d5
9.Qc2 c5 10.e5 cxd4 11.Nxd4 Ng4 12.cxd5 Bxf1 13.Kxf1 Nxe5 14.Bf4 Ng6 15.Be3 exd5
16.Rd1 Bc5 17.h4 Ne7 18.h5 h6 19.Kg2 Qd7 20.Nce2 Na6 21.Qd2 Bb4 22.Qb2 Rac8
23.Rh4 Nc7 24.a3 Bd6 25.Qd2 Ne6 26.Bxh6 Nxd4 27.Nxd4 gxh6 28.Qxh6 f5 29.Ne6 Rf7
30.Rdd4  1-0